A Text book of Engineering Physics (Record no. 1131)

MARC details
000 -LEADER
fixed length control field 00340nam a22001337a 4500
005 - DATE AND TIME OF LATEST TRANSACTION
control field 20160519154655.0
008 - FIXED-LENGTH DATA ELEMENTS--GENERAL INFORMATION
fixed length control field 160519b xxu||||| |||| 00| 0 eng d
041 ## - LANGUAGE CODE
Language code of text/sound track or separate title eng
082 ## - DEWEY DECIMAL CLASSIFICATION NUMBER
Item number 3317
100 ## - MAIN ENTRY--AUTHOR NAME
Personal name Avadhanulu MN & Kshrisagar P.G.
245 ## - TITLE STATEMENT
Title A Text book of Engineering Physics
650 ## - SUBJECT ADDED ENTRY--TOPICAL TERM
Topical Term DIPLOMA ENGINEERING
942 ## - ADDED ENTRY ELEMENTS (KOHA)
Koha item type Books
Holdings
Lost status Damaged status Collection code Home library Current library Shelving location Date acquired Cost, normal purchase price Full call number Accession Number Koha item type
    CS/IT JRU Library JRU Library SHELF-56-F 19/05/2016 310.00 3317 3317 Books